| 000 | 00516nam a22001697a 4500 | ||
|---|---|---|---|
| 003 | BD-ChCU | ||
| 005 | 20260405120313.0 | ||
| 008 | 260405b bg ||||| |||| 00| 0 ben d | ||
| 040 | _cBD-ChCU | ||
| 082 | _a362.10420973 TEC | ||
| 245 |
_aTechnology and the quality of health care.// _cRichard H. Egdahl, Paul M. Gertman. ed |
||
| 260 |
_aMaryland _bAspen Systems. _c1978 |
||
| 300 | _axx, 311p | ||
| 650 | 0 |
_aMedical Care. _921155 |
|
| 700 |
_aRichard H. Egdahl, Paul M. Gertman. ed. _921153 |
||
| 942 |
_2ddc _cBK _n0 |
||
| 999 |
_c112045 _d112045 |
||